[Event "West Wales Open"]
[Site "Pontlliw"]
[Date "2025.11.16"]
[Round "4.8"]
[White "Woodruff, Adam C"]
[Black "Howells, S Wyn"]
[Result "1-0"]
[Annotator "Home"]
[WhiteElo "2054"]
[BlackElo "1722"]
[WhiteFideId "-1"]
[BlackFideId "-1"]
[PlyCount "65"]
[GameId "2255028214400329"]
[EventDate "2025.11.14"]
[EventType "swiss"]
[EventRounds "5"]
[EventCountry "WLS"]

{[%evp 0,65,12,24,29,81,18,17,15,24,20,28,7,-5,11,-35,0,-29,-29,-42,-16,-26,-20,-40,-7,-24,-44,-69,12,49,14,-56,-69,-89,-18,-28,50,-3,0,-91,-43,-95,93,75,131,125,254,334,284,262,270,234,270,323,441,467,665,653,813,891,905,849,952,921,838,867,29995,29996]} 1. e4 c5 2. Nc3 g6 3. d4 cxd4 4. Qxd4 Nf6 5. Nf3 Nc6 6. Qc4 d6 7. Bf4 Be6 8. Qd3 Bg7 9. Be2 O-O 10. O-O Qa5 11. a3 a6 12. Ng5 Bg4 13. f3 Be6 14. Nxe6 fxe6 15. b4 Qc7 16. Qc4 Qb6+ 17. Kh1 d5 18. Qd3 Nh5 19. Bd2 Rad8 20. Na4 Qa7 21. Rad1 Ne5 {(=)} 22. Qb3 Nf4 23. Bxf4 Rxf4 24. Nc5 Rd6 25. exd5 exd5 26. Rxd5 Kh8 27. Ne6 b5 28. Nxf4 Nc4 29. Bxc4 bxc4 30. Qxc4 Qd7 31. Rxd6 exd6 32. Qe6 Qb5 33. Qc8+ 1-0

[Event "West Wales Open"]
[Site "Pontlliw"]
[Date "2025.11.16"]
[Round "4.9"]
[White "Zaporowski, Tomasz"]
[Black "Shevchenko, Danylo"]
[Result "1-0"]
[Annotator "Home"]
[WhiteElo "1818"]
[BlackElo "1717"]
[WhiteFideId "-1"]
[BlackFideId "-1"]
[PlyCount "101"]
[GameId "2255029766616426"]
[EventDate "2025.11.14"]
[EventType "swiss"]
[EventRounds "5"]
[EventCountry "WLS"]

1. e4 e5 2. Nf3 Nc6 3. Bb5 a6 4. Ba4 Nf6 5. d3 b5 6. Bb3 Be7 7. O-O d6 8. c3 O-O 9. Re1 Na5 10. Bc2 Bb7 11. Nbd2 c5 12. Nf1 Re8 13. Ng3 g6 14. Bg5 Bf8 15. Qc1 Bg7 16. h3 Nc6 17. Qe3 Rc8 18. Nh2 d5 19. a4 d4 20. Qe2 h6 21. Bd2 b4 22. c4 a5 23. Rf1 Qe7 24. f4 exf4 25. Rxf4 Ne5 26. Raf1 Rc6 27. R4f2 Rd8 28. Nf3 Nxf3+ 29. Rxf3 Re6 30. Qf2 Kh7 31. Kh1 Rdd6 32. Ne2 Ra6 33. Nf4 Reb6 34. b3 Ba8 35. Re1 Nd7 36. Nd5 Bxd5 37. exd5 Ne5 38. Bf4 f6 39. Bxe5 fxe5 40. Rf7 Rf6 41. Rxe7 Rxf2 42. Bd1 Rd2 43. Rf1 Rd6 44. Bg4 Rxd3 45. Rff7 Rxb3 46. Rxg7+ Kh8 47. Be6 Rxe6 48. dxe6 d3 49. Rh7+ (49. Rgf7 {& Re8#}) 49... Kg8 50. Reg7+ Kf8 51. e7+ 1-0

[Event "West Wales Open"]
[Site "Pontlliw"]
[Date "2025.11.16"]
[Round "4.10"]
[White "Plotnikov, Dmytro"]
[Black "Plotnikov, Matvii"]
[Result "1/2-1/2"]
[WhiteElo "1760"]
[BlackElo "1710"]
[WhiteFideId "-1"]
[BlackFideId "-1"]
[PlyCount "37"]
[GameId "2255035933980188"]
[EventDate "2025.11.14"]
[EventType "swiss"]
[EventRounds "5"]
[EventCountry "WLS"]

1. Nf3 f5 2. c4 Nf6 3. g3 g6 4. Bg2 Bg7 5. O-O O-O 6. d4 d6 7. Nc3 c6 8. Re1 Nbd7 9. e4 fxe4 10. Nxe4 Nxe4 11. Rxe4 Nf6 12. Re1 e5 13. dxe5 dxe5 14. Qxd8 Rxd8 15. Rxe5 Rd1+ 16. Re1 Rxe1+ 17. Nxe1 Be6 18. Nc2 Bxc4 19. Be3 1/2-1/2

[Event "West Wales Open"]
[Site "Pontlliw"]
[Date "2025.11.16"]
[Round "4.11"]
[White "Bahtiyorova, Nodirabegim"]
[Black "Pintea, Ovidiu"]
[Result "1-0"]
[WhiteElo "1757"]
[BlackElo "1615"]
[WhiteFideId "-1"]
[BlackFideId "-1"]
[PlyCount "69"]
[GameId "2255036806333993"]
[EventDate "2025.11.14"]
[EventType "swiss"]
[EventRounds "5"]
[EventCountry "WLS"]

1. e4 e5 2. Nf3 Nc6 3. Bc4 Nf6 4. Ng5 d5 5. exd5 Na5 6. Bb5+ c6 7. dxc6 bxc6 8. Bd3 Nd5 9. Nf3 Nf4 10. Bf1 Bd6 11. d3 O-O 12. Bxf4 exf4 13. Be2 Qf6 14. Nc3 Bb4 15. Qd2 Rd8 16. O-O Bf5 17. Qxf4 Bd6 18. Qg5 Qxg5 19. Nxg5 Rab8 20. Rab1 Re8 21. Bf3 h6 22. Nge4 Be5 23. Nc5 Bd4 24. Nb3 Nxb3 25. axb3 Re6 26. Rfe1 Rbe8 27. Rxe6 Rxe6 28. Kf1 Rf6 29. Ra1 g5 30. Ra4 c5 31. Nd5 Re6 32. Rxa7 Bxb2 33. Ne7+ Kf8 34. Nxf5 Bc3 35. Ra8+ 1-0

[Event "West Wales Open"]
[Site "Pontlliw"]
[Date "2025.11.16"]
[Round "4.12"]
[White "Underwood, Jon"]
[Black "Phaneuf, Devrim"]
[Result "1-0"]
[WhiteElo "1990"]
[BlackElo "1604"]
[WhiteFideId "-1"]
[BlackFideId "-1"]
[PlyCount "51"]
[GameId "2255037915493941"]
[EventDate "2025.11.14"]
[EventType "swiss"]
[EventRounds "5"]
[EventCountry "WLS"]

1. c4 Nf6 2. Nc3 g6 3. e4 d6 4. d4 Bg7 5. Nge2 O-O 6. Ng3 e5 7. d5 c6 8. Be2 Nbd7 9. h4 h5 10. Bg5 Qb6 11. Qd2 Nh7 12. Be3 Qd8 13. dxc6 Ndf6 14. cxb7 Bxb7 15. Rd1 Ne8 16. c5 f5 17. exf5 gxf5 18. Bh6 f4 19. Bxg7 Nxg7 20. Nxh5 Bxg2 21. Rh2 Nxh5 22. Bxh5 f3 23. cxd6 Rf4 24. Qd5+ Kf8 25. Qxe5 Rxh4 26. Qh8# 1-0

[Event "West Wales Open"]
[Site "Pontlliw"]
[Date "2025.11.16"]
[Round "4.13"]
[White "Di-Vetta, Andrew"]
[Black "Sipho, Donovan"]
[Result "0-1"]
[WhiteElo "1789"]
[BlackElo "1793"]
[WhiteFideId "-1"]
[BlackFideId "-1"]
[PlyCount "70"]
[GameId "2255039669987899"]
[EventDate "2025.11.14"]
[EventType "swiss"]
[EventRounds "5"]
[EventCountry "WLS"]

1. Nf3 c5 2. b3 d5 3. Bb2 Nc6 4. e3 Bg4 5. Be2 Nf6 6. O-O Bxf3 7. Bxf3 e5 8. g3 g5 9. Bg2 h5 10. f4 gxf4 11. exf4 e4 12. Nc3 Rh6 13. Re1 Qd7 14. d3 O-O-O 15. dxe4 d4 16. Nb5 a6 17. Na3 Kb8 18. Nc4 h4 19. Qf3 hxg3 20. hxg3 Be7 21. Nb6 Qc7 22. Nc4 Rg8 23. e5 Ng4 24. c3 Rhg6 25. Qd5 Nh6 26. Kf1 dxc3 27. Bxc3 Rxg3 28. Ne3 Ng4 29. Nxg4 R8xg4 30. Bd2 Rxg2 31. Qxg2 Rxg2 32. Kxg2 Nd4 33. Rac1 Qc6+ 34. Kf1 Qf3+ 35. Kg1 Ne2+ 0-1

[Event "West Wales Open"]
[Site "Pontlliw"]
[Date "2025.11.16"]
[Round "5.1"]
[White "McCarthy, Maurice"]
[Black "Young, Alan J"]
[Result "0-1"]
[WhiteElo "1961"]
[BlackElo "1951"]
[WhiteFideId "-1"]
[BlackFideId "-1"]
[PlyCount "58"]
[GameId "2255043883039366"]
[EventDate "2025.11.14"]
[EventType "swiss"]
[EventRounds "5"]
[EventCountry "WLS"]

1. d4 d5 2. c4 dxc4 3. Nf3 Nf6 4. e3 Bg4 5. Bxc4 e6 6. Qb3 Bxf3 7. gxf3 c5 8. Qxb7 Nbd7 9. Nc3 Be7 10. Bd2 O-O 11. Bb3 cxd4 12. exd4 Nb6 13. O-O-O a5 14. Ne4 a4 15. Bc2 a3 16. b3 Nfd5 17. Rhg1 Kh8 18. Bg5 f6 19. Bd2 Rb8 20. Qc6 Rc8 21. Qxe6 Qc7 22. Nc5 Bxc5 23. dxc5 Qxc5 24. Qf5 g6 25. Qd3 Nd7 26. Be3 Nxe3 27. fxe3 Ne5 28. Qe2 Qc3 29. Rd4 Qa1+ 0-1

[Event "West Wales Open"]
[Site "Pontlliw"]
[Date "2025.11.16"]
[Round "5.2"]
[White "Zeidler, Sven P"]
[Black "Chen, Wutong"]
[Result "1-0"]
[WhiteElo "2100"]
[BlackElo "1698"]
[WhiteFideId "-1"]
[BlackFideId "-1"]
[PlyCount "35"]
[GameId "2255044846873254"]
[EventDate "2025.11.14"]
[EventType "swiss"]
[EventRounds "5"]
[EventCountry "WLS"]

1. e4 e6 2. d4 d5 3. exd5 exd5 4. Nf3 Nc6 5. Bb5 Bd6 6. c4 dxc4 7. d5 a6 8. Ba4 Bb4+ 9. Nc3 b5 10. dxc6 Qe7+ 11. Be3 bxa4 12. O-O Bxc3 13. bxc3 Qa3 14. Re1 Ne7 15. Qd4 O-O 16. Bc1 Nxc6 17. Bxa3 Nxd4 18. Nxd4 1-0

[Event "West Wales Open"]
[Site "Pontlliw"]
[Date "2025.11.16"]
[Round "5.10"]
[White "Howells, S Wyn"]
[Black "Plotnikov, Dmytro"]
[Result "1/2-1/2"]
[WhiteElo "1722"]
[BlackElo "1760"]
[WhiteFideId "-1"]
[BlackFideId "-1"]
[PlyCount "35"]
[GameId "2255069339431083"]
[EventDate "2025.11.14"]
[EventType "swiss"]
[EventRounds "5"]
[EventCountry "WLS"]

1. Nf3 Nf6 2. c4 c6 3. g3 d5 4. Bg2 e6 5. O-O b6 6. b3 Be7 7. Bb2 O-O 8. d3 Ba6 9. Nbd2 Nbd7 10. Rc1 Rc8 11. Rc2 Re8 12. Qa1 c5 13. cxd5 exd5 14. Rfc1 Bf8 15. Re1 Re7 16. Bf1 Qe8 17. e3 Ng4 18. d4 1/2-1/2

[Event "West Wales Open"]
[Site "Pontlliw"]
[Date "2025.11.16"]
[Round "5.13"]
[White "Phaneuf, Devrim"]
[Black "White, Chris R"]
[Result "0-1"]
[WhiteElo "1604"]
[BlackElo "1894"]
[WhiteFideId "-1"]
[BlackFideId "-1"]
[PlyCount "44"]
[GameId "2255072183034097"]
[EventDate "2025.11.14"]
[EventType "swiss"]
[EventRounds "5"]
[EventCountry "WLS"]

1. e4 g6 2. d4 Bg7 3. c4 d6 4. Nc3 c5 5. Be3 cxd4 6. Bxd4 Bxd4 7. Qxd4 Nf6 8. Be2 Nc6 9. Qd2 O-O 10. h4 h5 11. Nf3 Kg7 12. O-O-O Be6 13. Nd4 Nxd4 14. Qxd4 Qb6 15. Qd2 Qxf2 16. Rdf1 Qc5 17. Nd5 Nxe4 18. Qf4 Bxd5 19. Kb1 Bc6 20. g4 Qe5 21. gxh5 Qxf4 22. Rxf4 Nd2+ 0-1

[Event "West Wales Open"]
[Site "Pontlliw"]
[Date "2025.11.14"]
[Round "1.1"]
[White "Mckenna, Joshua"]
[Black "Woodruff, Adam C"]
[Result "0-1"]
[Annotator "Home"]
[WhiteElo "1750"]
[BlackElo "2054"]
[BlackFideId "-1"]
[PlyCount "64"]
[GameId "2249272049148086"]
[EventDate "2025.11.14"]
[EventType "swiss"]
[EventRounds "5"]
[EventCountry "WLS"]

{[%evp 0,64,16,28,27,19,30,13,23,18,6,-26,10,21,50,-14,15,-11,11,12,-15,0,24,22,21,15,37,27,47,0,11,-13,17,8,-121,-29,-120,-12,-189,-31,-30,-10,32,-32,42,10,82,61,73,66,56,42,89,38,69,47,102,194,155,158,138,153,212,-502,-623,-801,-826]} 1. e4 c5 2. Nf3 d6 3. Bb5+ Bd7 4. Bxd7+ Qxd7 5. O-O Nc6 6. c3 g6 7. Qe2 Bg7 8. Rd1 Rc8 9. Na3 e5 10. Nc2 Nge7 11. d4 cxd4 12. cxd4 exd4 13. Ncxd4 O-O 14. Bf4 d5 15. Nxc6 bxc6 16. exd5 Nxd5 17. Bg3 Rfe8 18. Qd2 Qb7 19. Rab1 Re4 20. Re1 Rb4 21. Be5 Bxe5 22. Nxe5 Qc7 23. Rbc1 Qd6 24. Nc4 Qf6 25. b3 Rb5 26. Ne3 Qg5 27. Qd4 Nf4 28. g3 Nh3+ 29. Kg2 Rd8 30. Qc4 Rd2 31. Rf1 Qxe3 32. Kxh3 Qf3 0-1

[Event "West Wales Open"]
[Site "Pontlliw"]
[Date "2025.11.14"]
[Round "1.2"]
[White "Zeidler, Sven P"]
[Black "Plotnikov, Dmytro"]
[Result "1-0"]
[Annotator "Home"]
[WhiteElo "2100"]
[BlackElo "1760"]
[WhiteFideId "-1"]
[BlackFideId "-1"]
[PlyCount "55"]
[GameId "2249269443047464"]
[EventDate "2025.11.14"]
[EventType "swiss"]
[EventRounds "5"]
[EventCountry "WLS"]

{[%evp 0,55,9,31,19,72,20,8,-30,9,-21,5,28,20,34,40,41,43,29,47,40,2,107,-4,-45,85,-102,78,80,82,104,52,88,97,113,24,178,129,33,123,109,15,121,70,164,130,-22,134,174,51,255,253,224,143,175,123,352,451]} 1. e4 c5 2. Nc3 d6 3. f4 Nc6 4. Nf3 g6 5. Bb5 a6 6. Bxc6+ bxc6 7. d3 Bg7 8. O-O Nf6 9. Qe1 O-O 10. f5 e6 11. Qh4 Nd7 12. Bg5 f6 13. fxg6 hxg6 14. Bd2 Rf7 15. h3 Bb7 16. Rae1 Qb6 17. Qg3 Nf8 18. Na4 Qc7 19. b3 e5 20. Nh2 Qe7 21. Rf3 d5 22. Be3 d4 23. Bc1 c4 24. dxc4 Qb4 25. c5 Rb8 26. Ref1 Bc8 27. Ng4 Be6 28. Nxf6+ 1-0

[Event "West Wales Open"]
[Site "Pontlliw"]
[Date "2025.11.14"]
[Round "1.3"]
[White "Chen, Wutong"]
[Black "Young, Alan J"]
[Result "0-1"]
[Annotator "Home"]
[WhiteElo "1698"]
[BlackElo "1951"]
[WhiteFideId "-1"]
[BlackFideId "-1"]
[PlyCount "44"]
[GameId "2249270398181426"]
[EventDate "2025.11.14"]
[EventType "swiss"]
[EventRounds "5"]
[EventCountry "WLS"]

{[%evp 0,44,25,27,24,10,18,19,22,20,0,2,-18,-64,17,19,9,17,24,27,18,21,30,-76,-25,-33,-24,-21,10,31,21,-25,10,-8,-14,-71,-34,-79,-70,-111,-214,-438,-284,-456,-373,-1352,-1240]} 1. d4 d5 2. Nf3 Nf6 3. c4 dxc4 4. Nc3 a6 5. a4 Nc6 6. e3 Bg4 7. Bxc4 e6 8. h3 Bh5 9. O-O Bd6 10. Re1 O-O 11. e4 Bxf3 12. gxf3 e5 13. d5 Nd4 14. f4 Nd7 15. Be3 Qh4 16. Bf1 f6 17. f5 Rf7 18. Rb1 g6 19. fxg6 Rg7 20. Bxd4 Rxg6+ 21. Kh1 exd4 22. e5 Qxf2 0-1

[Event "West Wales Open"]
[Site "Pontlliw"]
[Date "2025.11.14"]
[Round "1.5"]
[White "Pintea, Vlad"]
[Black "May, Adam J"]
[Result "0-1"]
[Annotator "Home"]
[WhiteElo "1611"]
[BlackElo "1861"]
[WhiteFideId "-1"]
[PlyCount "70"]
[GameId "2254300900397226"]
[EventDate "2025.11.14"]
[EventType "swiss"]
[EventRounds "5"]
[EventCountry "WLS"]

{[%evp 0,70,18,9,19,23,25,24,15,25,25,25,33,11,21,8,5,0,17,-13,-9,-28,-39,-50,-51,-38,-53,-117,-124,-129,-136,-377,-219,-222,-205,-178,-135,-162,-157,-169,-184,-204,-48,-212,-146,-365,-270,-251,-251,-247,-188,-244,-237,-837,-858,-996,-980,-1266,-1152,-1187,-1237,-1306,-1092,-1045,-1229,-1276,-1498,-2648,-29984,-29993,-29992,-29993,-29990]} 1. d4 d5 2. c4 c6 3. Nc3 Nf6 4. e3 e6 5. Nf3 a6 6. Bd3 dxc4 7. Bxc4 b5 8. Bd3 c5 9. O-O Bb7 10. Bd2 Nbd7 11. Re1 Bd6 12. Rc1 O-O 13. e4 cxd4 14. Nxd4 Nc5 15. Qc2 Nxd3 16. Qxd3 Be5 17. Be3 b4 18. Na4 Bxe4 19. Qc4 Bd5 20. Qxb4 Rb8 21. Qa3 Ng4 22. Nc6 Bxh2+ 23. Kf1 Bxc6 24. Rxc6 Qf6 25. Rxa6 Rfd8 26. Rd6 Bxd6 27. Bc5 Bxc5 28. Qxc5 Rbc8 29. Qa7 Ra8 30. Qb6 Rdb8 31. Qc5 Rxa4 32. Re2 Rd4 33. Qc2 Rbd8 34. f3 Rd1+ 35. Re1 Ne3+ 0-1

[Event "West Wales Open"]
[Site "Pontlliw"]
[Date "2025.11.14"]
[Round "1.8"]
[White "Sipho, Donovan"]
[Black "Phaneuf, Devrim"]
[Result "1-0"]
[WhiteElo "1793"]
[BlackElo "1604"]
[WhiteFideId "-1"]
[BlackFideId "-1"]
[PlyCount "57"]
[GameId "2254304840917492"]
[EventDate "2025.11.14"]
[EventType "swiss"]
[EventRounds "5"]
[EventCountry "WLS"]

1. c4 Nf6 2. Nc3 g6 3. e4 d6 4. d4 Bg7 5. Nf3 Nbd7 6. Be2 O-O 7. O-O a5 8. b3 Re8 9. Bb2 c5 10. d5 Nxe4 11. Qc2 Nxc3 12. Bxc3 Nf6 13. Bd3 b5 14. Ng5 h6 15. Nxf7 Kxf7 16. Bxg6+ Kf8 17. Bxe8 Qxe8 18. Rae1 bxc4 19. bxc4 Ba6 20. Bxf6 Bxf6 21. Re6 Kg7 22. Rfe1 Bc8 23. Rxd6 Qf7 24. Rc6 Rb8 25. Rb1 Rxb1+ 26. Qxb1 Bd4 27. Qc2 Bf5 28. Qd2 Bd3 29. Qxh6+ 1-0

[Event "West Wales Open"]
[Site "Pontlliw"]
[Date "2025.11.14"]
[Round "1.9"]
[White "White, Chris R"]
[Black "Di-Vetta, Andrew"]
[Result "0-1"]
[Annotator "Home"]
[WhiteElo "1894"]
[BlackElo "1789"]
[WhiteFideId "-1"]
[BlackFideId "-1"]
[PlyCount "121"]
[GameId "2254305777857026"]
[EventDate "2025.11.14"]
[EventType "swiss"]
[EventRounds "5"]
[EventCountry "WLS"]

1. d4 Nf6 2. Nf3 e6 3. g3 d5 4. Bg2 Be7 5. O-O O-O 6. Nbd2 Nbd7 7. b3 b6 8. Bb2 Bb7 9. Rc1 b5 10. c4 c6 11. c5 b4 12. Qc2 Nh5 13. Ne5 Nxe5 14. dxe5 g6 15. e4 Ba6 16. Rfe1 Qa5 17. Bd4 Rad8 18. exd5 exd5 19. Bh3 Ng7 20. f4 Ne6 21. Nf3 Bc8 22. Kg2 Qc7 23. Qb2 Qd7 24. Kg1 Qb7 25. Kg2 Bd7 26. Qf2 Qc8 27. Kg1 a5 28. Bf1 Ng7 29. Qc2 Bg4 30. Bg2 Bf5 31. Qd2 Ne6 32. Qe3 Be4 33. Nd2 Bf5 34. Nf3 Nc7 35. Bf1 Rfe8 36. Qd2 Be4 37. Bg2 Nb5 38. Qb2 Qf5 39. Re3 Bxf3 40. Bxf3 Bf8 41. Rce1 Nc3 42. Qg2 Ne4 43. Bxe4 dxe4 44. Qxe4 Qxe4 45. Rxe4 Rd5 (45... Rxd4 46. Rxd4 Bxc5 47. Red1 Rd8 $19) 46. Bf2 Bxc5 47. Rc4 Bxf2+ 48. Kxf2 c5 49. Rec1 Rd2+ 50. Kg1 Rxa2 51. Rxc5 Rd8 52. R1c2 Rd1+ 53. Kg2 Ra3 54. Rb2 Rd3 55. Rc8+ Kg7 56. Ra8 h5 57. Ra6 Re3 58. Kf2 Re4 59. Kf3 Re1 60. Kf2 Rh1 61. Kg2 {Scoresheets incomplete / illegible, black won in 77 moves} 0-1

[Event "West Wales Open"]
[Site "Pontlliw"]
[Date "2025.11.15"]
[Round "2.1"]
[White "May, Adam J"]
[Black "Zeidler, Sven P"]
[Result "1-0"]
[Annotator "Home"]
[WhiteElo "1861"]
[BlackElo "2100"]
[BlackFideId "-1"]
[PlyCount "107"]
[GameId "2254946506522844"]
[EventDate "2025.11.14"]
[EventType "swiss"]
[EventRounds "5"]
[EventCountry "WLS"]

{[%evp 0,107,20,36,44,24,52,18,26,3,0,14,19,30,35,1,1,40,29,35,33,40,52,59,47,13,137,148,166,66,166,126,166,174,161,159,164,38,162,139,194,163,161,152,151,112,59,102,67,93,79,83,19,71,68,105,-1,43,17,11,-67,43,17,-1,-10,31,76,-1,90,57,94,-1,-47,5,1,-19,-40,-6,37,47,133,267,351,245,688,837,340,744,696,883,651,926,29981,407,474,268,439,486,538,546,1336,598,29989,596,29989,29990,29991,29992,29993,29994]} 1. d4 f5 2. Nc3 Nf6 3. Bf4 e6 4. g4 Bb4 5. gxf5 exf5 6. Qd3 d5 7. Nf3 Ne4 8. Rg1 Qe7 9. a3 Bxc3+ 10. bxc3 b6 11. Qe3 Nc6 12. Nd2 Nd8 13. f3 Nxd2 14. Qxe7+ Kxe7 15. Kxd2 Ne6 16. Be5 Rg8 17. Bh3 c5 18. Bxf5 g6 19. Bh3 Ba6 20. Rae1 Rgf8 21. Bg2 Rac8 22. Bf1 {(=)} cxd4 23. cxd4 Rc4 24. c3 Ra4 25. Ra1 Nd8 26. h4 Nc6 27. h5 Nxe5 28. dxe5 gxh5 29. Rg7+ Rf7 30. Rxf7+ Kxf7 31. e3 Bxf1 32. Rxf1 Rh4 33. Kd3 Rh2 34. f4 h4 35. c4 dxc4+ 36. Kxc4 h3 37. f5 Rg2 38. Rh1 Rg4+ 39. Kd5 Rh4 40. e4 h2 41. e6+ Ke7 42. e5 Rh3 43. f6+ Ke8 44. e7 Kf7 45. e6+ Ke8 46. Kd6 Rd3+ 47. Ke5 Re3+ 48. Kf5 Rf3+ 49. Kg5 Rg3+ 50. Kf4 Rg6 51. Kf5 Rg2 52. Rd1 Rf2+ 53. Ke5 Re2+ 54. Kd6 1-0

[Event "West Wales Open"]
[Site "Pontlliw"]
[Date "2025.11.15"]
[Round "2.3"]
[White "Zaporowski, Tomasz"]
[Black "McCarthy, Maurice"]
[Result "0-1"]
[WhiteElo "1818"]
[BlackElo "1961"]
[WhiteFideId "-1"]
[BlackFideId "-1"]
[PlyCount "96"]
[GameId "2254949778194711"]
[EventDate "2025.11.14"]
[EventType "swiss"]
[EventRounds "5"]
[EventCountry "WLS"]

1. e4 c5 2. Nf3 e6 3. d4 cxd4 4. Nxd4 Nc6 5. Nc3 Qc7 6. Be3 a6 7. Bd3 Nxd4 8. Bxd4 Ne7 9. O-O Nc6 10. Be3 b5 11. Qe1 Bb7 12. f3 Na5 13. b3 Bc5 14. Nd1 O-O 15. Kh1 Bxe3 16. Nxe3 Nc6 17. f4 f6 18. Qh4 Nb4 19. Rfc1 Rac8 20. h3 Nxd3 21. cxd3 Qxc1+ 22. Rxc1 Rxc1+ 23. Kh2 Rc3 24. f5 Rxd3 25. Nc2 exf5 26. exf5 Rd2 27. Ne3 Re8 28. Qf4 Rxe3 29. Qb8+ Kf7 30. Qxb7 Ree2 31. Kg3 Rxg2+ 32. Kf3 Rgf2+ 33. Ke3 Rfe2+ 34. Kf3 Re5 35. Qxa6 Rxf5+ 36. Ke3 Rh2 37. Qd6 Rxh3+ 38. Ke4 Re5+ 39. Kd4 Ke8 40. Qb8+ Ke7 41. Qg8 Rh4+ 42. Kd3 Rg5 43. Qa8 Rg3+ 44. Ke2 Rh2+ 45. Kf1 Rgg2 46. a4 Ra2 47. Qe4+ Kf7 48. Kg1 Rhd2 0-1

[Event "West Wales Open"]
[Site "Pontlliw"]
[Date "2025.11.15"]
[Round "2.7"]
[White "Howells, S Wyn"]
[Black "Pleasants, Allan J"]
[Result "0-1"]
[Annotator "Home"]
[WhiteElo "1722"]
[BlackElo "2003"]
[WhiteFideId "-1"]
[PlyCount "106"]
[GameId "2254955957711624"]
[EventDate "2025.11.14"]
[EventType "swiss"]
[EventRounds "5"]
[EventCountry "WLS"]

{[%evp 0,96,18,27,24,33,33,5,8,17,19,13,10,0,64,-1,-12,-20,17,0,10,4,-3,-29,59,-52,-66,-115,-133,-103,-94,-107,-129,-121,-131,-187,-174,-183,-179,-185,-89,-133,-192,-215,-167,-190,-250,-215,-180,-282,-91,-234,-231,-244,-63,-226,-199,-329,-311,-335,-274,-324,-160,-311,-281,-289,-123,-314,-329,-255,-313,-345,-231,-347,-267,-355,-337,-285,-404,-430,-359,-290,-356,-461,-334,-545,-492,-581,-452,-596,-605,-635,-587,-597,-531,-603,-597,-653,-589]} 1. Nf3 g6 2. c4 Bg7 3. g3 Nf6 4. Bg2 O-O 5. O-O c5 6. Nc3 d6 7. Rb1 Nc6 8. b3 Rb8 9. Bb2 a6 10. d3 b5 11. cxb5 axb5 12. Nd2 Bd7 13. Nd5 Nxd5 14. Bxg7 Kxg7 15. Bxd5 Nb4 16. Bg2 Nxa2 17. Ra1 Nc3 18. Qe1 b4 19. Nb1 Nb5 20. Nd2 Qc8 21. f4 Bh3 22. Qf2 Bxg2 23. Qxg2 Ra8 24. e4 Nd4 25. Nf3 Nxf3+ 26. Qxf3 Rxa1 27. Rxa1 Qe6 28. Rb1 Qf6 29. Qe2 Qd4+ 30. Kg2 Ra8 31. Qb2 Qxb2+ 32. Rxb2 Ra1 33. Kf3 Rc1 34. Ke2 Rc3 35. Kd2 h5 36. Ke3 Kf6 37. h3 Ke6 38. g4 h4 39. Kd2 Kf6 40. g5+ Ke6 41. Ke3 d5 42. f5+ gxf5 43. exf5+ Kxf5 44. Rf2+ Kg6 45. Rb2 Kxg5 46. Rg2+ Kf6 47. Rf2+ Ke6 48. Rb2 Ke5 49. Rf2 f5 50. Rg2 Rxb3 51. Rg7 e6 52. Rh7 c4 53. Rxh4 Rxd3+ 0-1

[Event "West Wales Open"]
[Site "Pontlliw"]
[Date "2025.11.15"]
[Round "2.8"]
[White "Underwood, Jon"]
[Black "Plotnikov, Matvii"]
[Result "1/2-1/2"]
[Annotator "Home"]
[WhiteElo "1990"]
[BlackElo "1710"]
[WhiteFideId "-1"]
[BlackFideId "-1"]
[PlyCount "114"]
[GameId "2254957636895572"]
[EventDate "2025.11.14"]
[EventType "swiss"]
[EventRounds "5"]
[EventCountry "WLS"]

{[%evp 0,75,24,-7,40,31,43,22,50,48,1,23,17,22,14,10,6,-2,14,9,120,50,50,50,50,38,43,-21,34,74,57,57,87,87,340,54,37,7,168,-14,-21,-2,1,0,42,-10,-28,1,-4,-1,45,17,45,42,31,31,70,21,26,27,-17,45,74,44,41,50,67,102,99,116,32,33,37,18,89,114,12,101]} 1. c4 f5 2. g3 Nf6 3. Bg2 g6 4. Nc3 Bg7 5. e3 O-O 6. Nge2 e5 7. d4 d6 8. b4 a5 9. b5 c6 10. dxe5 dxe5 11. Ba3 Re8 12. Qc2 Be6 13. Na4 Qc7 14. Rc1 Rc8 15. Qb1 Nbd7 16. O-O Nb6 17. Nxb6 Qxb6 18. bxc6 Qxb1 19. Rxb1 bxc6 20. Rfc1 e4 21. Nd4 Bf7 22. Bf1 Nd7 23. Bd6 Be5 24. Be7 Rc7 {(=)} 25. a4 Bxd4 26. exd4 Ne5 27. Bc5 Nf3+ 28. Kg2 Rd7 29. Rd1 Rad8 30. Bb6 Ra8 31. Be2 h6 32. h3 Kg7 33. g4 Nh4+ 34. Kg3 g5 35. gxf5 Nxf5+ 36. Kh2 h5 37. d5 cxd5 38. cxd5 Kh6 39. Rb5 Ne7 40. d6 Nc6 41. Bc7 Be6 42. Rc5 Rf7 43. Rxc6 Bd7 44. Rc2 Bxa4 45. Rcd2 Rxf2+ 46. Kg1 e3 47. d7 Bxd1 48. Rxd1 Rxe2 49. Bxa5 Ra2 50. d8=Q Rxd8 51. Bxd8 Rd2 52. Re1 Rxd8 53. Rxe3 Rd2 54. Re6+ Kg7 55. Ra6 Re2 56. Rb6 Rc2 57. Ra6 Re2 1/2-1/2

[Event "West Wales Open"]
[Site "Pontlliw"]
[Date "2025.11.15"]
[Round "2.12"]
[White "Thomas, Roy"]
[Black "White, Chris R"]
[Result "1-0"]
[WhiteElo "1748"]
[BlackElo "1894"]
[BlackFideId "-1"]
[PlyCount "81"]
[GameId "2254967983334716"]
[EventDate "2025.11.14"]
[EventType "swiss"]
[EventRounds "5"]
[EventCountry "WLS"]

1. f4 g6 2. Nf3 Bg7 3. Nc3 d6 4. d3 Nf6 5. e4 Nbd7 6. Be2 a6 7. O-O O-O 8. Qe1 Nc5 9. b4 Ncd7 10. Rb1 c5 11. bxc5 Nxc5 12. Bd2 Qc7 13. Qh4 Bg4 14. h3 Bxf3 15. Bxf3 Rab8 16. g4 e6 17. g5 Ne8 18. Qe1 Qe7 19. h4 f6 20. Bg4 f5 21. exf5 gxf5 22. Bf3 b5 23. Kh1 Nc7 24. Nd5 Nxd5 25. Bxd5 Qf7 26. Bf3 Kh8 27. Bc3 Bxc3 28. Qxc3+ Qg7 29. Qxg7+ Kxg7 30. Rbe1 Rfe8 31. Re2 d5 32. Rfe1 Red8 33. Kg2 Rd6 34. Kg3 Rbb6 35. h5 h6 36. Kh4 Nd7 37. Rg1 Nf8 38. gxh6+ Kxh6 39. Rg8 Rd8 40. Reg2 Rbb8 41. Rh8+ 1-0

[Event "West Wales Open"]
[Site "Pontlliw"]
[Date "2025.11.15"]
[Round "2.13"]
[White "Plotnikov, Dmytro"]
[Black "Pintea, Vlad"]
[Result "1/2-1/2"]
[WhiteElo "1760"]
[BlackElo "1611"]
[WhiteFideId "-1"]
[BlackFideId "-1"]
[PlyCount "57"]
[GameId "2254965937972282"]
[EventDate "2025.11.14"]
[EventType "swiss"]
[EventRounds "5"]
[EventCountry "WLS"]

{[%evp 0,13,12,34,25,29,29,8,19,1,31,6,35,61,59,60]} 1. e4 e5 2. Nf3 Nc6 3. d4 exd4 4. Nxd4 Bc5 5. Be3 Qe7 6. Nc3 Nxd4 7. Bxd4 Bxd4 8. Qxd4 Qf6 9. e5 Qb6 10. Qxb6 axb6 11. Nb5 Kd8 12. Bc4 f6 13. O-O-O fxe5 14. Rhe1 Nf6 15. Rxe5 d6 16. Ree1 Bd7 17. a3 Ra5 18. Nc3 Re8 19. Rxe8+ Bxe8 20. f3 Re5 21. Kd2 d5 22. Bd3 d4 23. Ne2 c5 24. c3 dxc3+ 25. Nxc3 Bc6 26. Kc2 Ke7 27. Rd2 h6 28. f4 Re6 29. g3 1/2-1/2